| 000 | 00785nam a22002057i 4500 | ||
|---|---|---|---|
| 999 |
_c23621 _d23621 |
||
| 003 | AR-CdUCM | ||
| 008 | 260422b20222022 pe||||| |||| 00| 0 spa d | ||
| 020 | _a978-84-18395-22-2 | ||
| 040 |
_aMUNICIPALIDAD PROVINCIAL DEL CUSCO _cBIBLIOTECA MUNICIPAL DEL CUSCO |
||
| 041 | _hspa | ||
| 082 |
_a320.1 _bM25 |
||
| 245 | _aEl Príncipe Nicolás Maquiavelo / | ||
| 260 |
_aEspaña : _bEditorial Alma, Anders Producciones S.L. _c2022 |
||
| 300 |
_a186 páginas. : _c32x16 cm. |
||
| 505 | _aSobre los principados hereditarios -- Como deben gobernarse las ciudades -- Sobre los principados nuevos.. -- Como evitar el desprecio y el odio | ||
| 700 |
_aPilar González Rodríguez - traducción _952650 |
||
| 856 | _fwww.editorialalma.com | ||
| 942 |
_2ddc _cLIBROS |
||
| 945 |
_apbjr _d22-04-2026 |
||